000 00750nam a2200289Ia 4500
005 20260324122415.0
008 008 260324s9999 xx 000 0 eng d
020 _a9780203488096
037 _aEBOOK
040 _aCRL
040 _beng
040 _cCRL
041 _2eng
041 _aeng
084 _qCRL
100 _aStephen G. Walker
_91146432
245 0 _aRole Theory and the Cognitive Architecture of British Appeasement Decisions
245 0 _bSymbolic and Strategic Interaction in World Politics
260 _bTaylor and Francis
260 _c2013
365 _a
365 _b240
856 _uhttp://www.taylorfrancis.com/books/9780203488096
942 _cEBOOK
999 _c1759050
_d1759050